ছদ্মবেশী / (Record no. 39915)
[ view plain ]
| 000 -LEADER | |
|---|---|
| fixed length control field | 00901nam a2200241 4500 |
| 001 - CONTROL NUMBER | |
| control field | 39915 |
| 003 - CONTROL NUMBER IDENTIFIER | |
| rucl marc code | BD-RjUL |
| 005 - DATE AND TIME OF LATEST TRANSACTION | |
| control field | 20211209053104.0 |
| 008 - FIXED-LENGTH DATA ELEMENTS--GENERAL INFORMATION | |
| fixed length control field | 160419s১৯৭০ ii ||||| |||| 00| f ben d |
| 020 ## - INTERNATIONAL STANDARD BOOK NUMBER | |
| Terms of availability | : Tk. 30.00 |
| 035 ## - SYSTEM CONTROL NUMBER | |
| System control number | (BD-RjUL) 40029 |
| 040 ## - CATALOGING SOURCE | |
| Original cataloging agency | BD-RjUL |
| Language of cataloging | ben |
| Transcribing agency | BD-RjUL |
| 041 ## - LANGUAGE CODE | |
| Language code of text/sound track or separate title | ben |
| 082 ## - DEWEY DECIMAL CLASSIFICATION NUMBER | |
| Edition number | 23 |
| Classification number | 891.723 |
| Author mark and year | GOC 1970 |
| 100 ## - MAIN ENTRY--PERSONAL NAME | |
| Personal name | গোগোল, নিকোলাই ভি |
| 9 (RLIN) | 122950 |
| 245 10 - TITLE STATEMENT | |
| Title | ছদ্মবেশী / |
| Statement of responsibility, etc. | নিকোলাই ভি গোগোল ; আবুল ফজল অনূদিত |
| 260 ## - PUBLICATION, DISTRIBUTION, ETC. (IMPRINT) | |
| Place of publication, distribution, etc. | ঢাকা : |
| Name of publisher, distributor, etc. | বাংলা একাডেমী, |
| Date of publication, distribution, etc. | ১৯৭০ |
| 300 ## - PHYSICAL DESCRIPTION | |
| Pagination | [৪], ১৪৭ পৃ. ; |
| Size | ২১ সেমি. |
| 650 ## - SUBJECT ADDED ENTRY--TOPICAL TERM | |
| Topical term or geographic name as entry element | রাশিয়ান উপন্যাস |
| 9 (RLIN) | 122082 |
| Topical term or geographic name as entry element | Russia fiction |
| 9 (RLIN) | 122961 |
| 700 ## - ADDED ENTRY--PERSONAL NAME | |
| Personal name | ফজল, আবুল, অনূবাদক |
| 942 ## - ADDED ENTRY ELEMENTS (KOHA) | |
| Source of classification or shelving scheme | Dewey Decimal Classification |
| Koha item type | Books |
| Lost status | Source of classification or shelving scheme | Damaged status | Not for loan | Collection code | Permanent Location | Current Location | Shelving location | Date acquired | Source of acquisition | Cost, normal purchase price | Total Checkouts | Full call number | Date last seen | Copy number | Koha item type | Date checked out |
|---|---|---|---|---|---|---|---|---|---|---|---|---|---|---|---|---|
| Dewey Decimal Classification | Not For Loan | Fiction | Central Library, University of Rajshahi | Central Library, University of Rajshahi | Reading Room | 09/01/1975 | Bangla Academy, Dhaka | 3.00 | B 891.723 GOC 1970 | 19/04/2016 | C-1 | Books | ||||
| Dewey Decimal Classification | Fiction | Central Library, University of Rajshahi | Central Library, University of Rajshahi | 09/01/1975 | Bangla Academy, Dhaka | 3.00 | B 891.723 GOC 1970 | 21/04/2016 | C-2 | Books | ||||||
| Dewey Decimal Classification | Fiction | Central Library, University of Rajshahi | Central Library, University of Rajshahi | 09/01/1975 | Bangla Academy, Dhaka | 3.00 | B 891.723 GOC 1970 | 21/04/2016 | C-3 | Books | ||||||
| Dewey Decimal Classification | Fiction | Central Library, University of Rajshahi | Central Library, University of Rajshahi | 09/01/1975 | Bangla Academy | 3.00 | B 891.723 GOC 1970 | 13/08/2016 | C-4 | Books | ||||||
| Dewey Decimal Classification | Fiction | Central Library, University of Rajshahi | Central Library, University of Rajshahi | 09/01/1975 | Bangla Academy | 3.00 | B 891.723 GOC 1970 | 13/08/2016 | C-5 | Books | ||||||
| Dewey Decimal Classification | Fiction | Central Library, University of Rajshahi | Central Library, University of Rajshahi | 09/01/1975 | Bangla Academy | 3.00 | B 891.723 GOC 1970 | 13/08/2016 | C-6 | Books | ||||||
| Dewey Decimal Classification | Fiction | Central Library, University of Rajshahi | Central Library, University of Rajshahi | 09/01/1975 | Bangla Academy | 3.00 | B 891.723 GOC 1970 | 13/08/2016 | C-7 | Books | ||||||
| Dewey Decimal Classification | Fiction | Central Library, University of Rajshahi | Central Library, University of Rajshahi | 09/01/1975 | Bangla Academy | 3.00 | B 891.723 GOC 1970 | 13/08/2016 | C-8 | Books | ||||||
| Dewey Decimal Classification | Fiction | Central Library, University of Rajshahi | Central Library, University of Rajshahi | 09/01/1975 | Bangla Academy | 3.00 | B 891.723 GOC 1970 | 13/08/2016 | C-9 | Books | ||||||
| Dewey Decimal Classification | Fiction | Central Library, University of Rajshahi | Central Library, University of Rajshahi | 09/01/1975 | Bangla Academy | 3.00 | 1 | B 891.723 GOC 1970 | 14/03/2018 | C-10 | Books | 26/02/2018 |